1354 1279 1218 1971 1543 1022 1874 1648 1405 1435 1871 1031 1591 1186 1919 1802 1376 1951 1023 1031 1100 1412 1132 1559 1571 1496 1940 1301 1710 1400 1866 1902 1282 1837 1773 1872 1922 1848 1343 1592 1400 1356 1615 1870 1144 1954 1471 1251 1707 1058 1955 1352 1212 1930 1606 1470 1609 1344 1482 1548 1483 1636 1356 1707 1976 1542 1694 1806 1093 1462 1256 1705 1758 1088 1262 1867 1137 1699 1391 1555 1170 1295 1992 1771 1837 1784 1165 1959 1538 1163 1683 1545 1533 1312 1650 1289 1965 1684 1686 BCNSPRNW ULIB Ver.6.0+V

เปลี่ยนเป็นภาษาไทย

Change to English
 แสดงรายละเอียดบรรณานุกรม
  กลับหน้าหลัก

Brief Record : Get Marc (ISO 2709) : E-mail record : QR code < ปิดหน้าต่าง
LEADER : 00000nam 2200000uu 4500
001    13399124133
003     ULIB
008    150120s||||||||th 000 0 tha d
020    ^a9789741114337
060  4 ^aWB310^bก479
111 2  ^aการประชุมระดับชาติการดูแลผู้ป่วยระยะสุดท้ายเรื่องความเชื่อมโยงของการศึกษาไปสู่การปฏิบัติ^d(2554 :^cคณะแพทยศาสตร์โรงพยาบาลรามาธิบดี มหาวิทยาลัยมหิดล)
245 10 ^aการประชุมระดับชาติการดูแลผู้ป่วยระยะสุดท้ายเรื่องความเชื่อมโยงของการศึกษาไปสู่การปฏิบัติ =^bNational forum of palliative care :^bThe harmony of education to service /^cยุวเรศมคฐ์ สิทธิชาญบัญชา, อุมาภรณ์ ไพศาลสุทธิเดช, ศากุน ปวีนวัฒน์, บรรณาธิการ
246 30 ^aความเชื่อมโยงของการศึกษาไปสู่การปฏิบัต
246 31 ^aNational forum of palliative care :^bThe harmony ofeducation to service
250    ^aพิมพ์ครั้งที่ 1
260    ^aกรุงเทพฯ :^bภาควิชาเวชศาสตร์ฉุกเฉินคณะแพทยศาสตร์โรงพยาบาลรามาธิบดี มหาวิทยาลัยมหิดล,^c2554
300    ^aข-ฒ, 324 หน้า :^bภาพประกอบ
500    ^aการประชุมจัดระหว่างวันที่ 21-23 กุมภาพันธ์ 2554 ณห้องประชุมอรรถสิทธิ์ คณะแพทยศาสตร์โรงพยาบาลรามาธิบดี
505 0  ^aความจำเป็นของผู้ปฏิบัติการพยาบาลขั้นสูงใน Palliative care - - สู่เส้นทางบทบาทผู้ปฏิบัติการพยาบาลขั้นสูงกับการดูแลผู้สูงอายุและผู้ป่วยระยะสุดท้ายแบบประคับประคองในโรงพยาบาลและในชุมชน - - ผู้ปฏิบัติการพยาบาลขั้นสูงกับการดูแลแบบประคับประคอง - - การดูแลแบบประคับประคองและการดูแลผู้ป่วยระยะสุดท้ายที่ห้องฉุกเฉิน - - ICU palliative care - - การดูแลแบบประคับประคองที่บ้าน - - เตรียมใจในยามป่วยหนัก - - การช่วยเหลือเชิงอภิบาลผู้ป่วยในระยะสุดท้ายใกล้วายชนม์ - - การดูแลในวาระสุดท้ายของชีวิต - - คุณธรรมสำหรับแพทย์-พยาบาล
650  7 ^aการดูแลขั้นวิกฤต^vการประชุม
650  7 ^aผู้ป่วยใกล้ตาย^vการประชุม
650  7 ^aผู้ป่วยหนัก^vการประชุม
650  7 ^aผู้ป้วยหนัก, การดูแล^vการประชุม
700 0  ^aยุวเรศมคฐ์ สิทธิชาญบัญชา,^eบรรณาธิการ
700 0  ^aอุมาภรณ์ ไพศาลสุทธิเดช,^eบรรณาธิการ
700 0  ^aศากุน ปวีนวัฒน์,^eบรรณาธิการ
710 2  ^aมหาวิทยาลัยมหิดล.^bคณะแพทยศาสตร์โรงพยาบาลรามาธิบดี.^bภาควิชาเวชศาสตร์ฉุกเฉิน
945    ^p350^l0^i038498
945    ^p350^l0^i038499
945    ^p350^l0^i038500
945    ^p350^l0^i038501
945    ^p350^l0^i038502
945    ^p350^l0^i000068
999    ^aเกษร โพธิ์สุวรรณ
รายการนี้ยังไม่มีแท็ก
คุณยังไม่ได้ล็อกอิน คุณสามารถมีกิจกรรมร่วมกับเว็บไซต์ได้ แต่ต้องล็อกอินก่อน ::
  ล็อกอิน

รายการสื่อสารสนเทศ

ลำดับที่ ประเภท เลขเรียก/บาร์โค้ด สถานที่ สถานะ
1. วิทยาศาสตร์การแพทย์ และสุขภาพ
หนังสือสำรอง
สถานะ=หนังสือสำรอง
WB310 ก479 ฉ.1 
  Barcode: 038498
ห้องสมุดวิทยาเขตสวรรค์ประชารักษ์
►ส่วนจัดเก็บหนังสือเก่า สปร
บนชั้น
  ขอยืม
2. วิทยาศาสตร์การแพทย์ และสุขภาพ
วิทยาศาสตร์การแพทย์ และสุขภาพ
WB310 ก479 ฉ.2 
  Barcode: 038499
ห้องสมุดวิทยาเขตสวรรค์ประชารักษ์
►ส่วนจัดเก็บหนังสือเก่า สปร
บนชั้น
  ขอยืม
3. วิทยาศาสตร์การแพทย์ และสุขภาพ
วิทยาศาสตร์การแพทย์ และสุขภาพ
WB310 ก479 ฉ.3 
  Barcode: 038500
ห้องสมุดวิทยาเขตสวรรค์ประชารักษ์
►ส่วนจัดเก็บหนังสือเก่า สปร
บนชั้น
  ขอยืม
4. วิทยาศาสตร์การแพทย์ และสุขภาพ
วิทยาศาสตร์การแพทย์ และสุขภาพ
WB310 ก479 ฉ.4 
  Barcode: 038501
ห้องสมุดวิทยาเขตสวรรค์ประชารักษ์
►ส่วนจัดเก็บหนังสือเก่า สปร
บนชั้น
  ขอยืม
5. วิทยาศาสตร์การแพทย์ และสุขภาพ
วิทยาศาสตร์การแพทย์ และสุขภาพ
WB310 ก479 ฉ.5 
  Barcode: 038502
ห้องสมุดวิทยาเขตสวรรค์ประชารักษ์
►ส่วนจัดเก็บหนังสือเก่า สปร
บนชั้น
  ขอยืม
6. วิทยาศาสตร์การแพทย์ และสุขภาพ
วิทยาศาสตร์การแพทย์ และสุขภาพ
WB310 ก479 ฉ.6 
  Barcode: 000068
ห้องสมุดวิทยาเขตสวรรค์ประชารักษ์
►ส่วนจัดเก็บหนังสือเก่า สปร
บนชั้น
  ขอยืม

BibComment


ยังไม่เคยถูกคอมเมนท์

คอมเมนท์ทรัพยากรรายการนี้
  คอมเมนท์: การประชุมระดับชา..


 Copyright 2026. Bcnsprnw @Library